[Event "12ème tournoi de MI"]
[Site "?"]
[Date "2012.07.13"]
[Round "8"]
[White "Valuet, Bertrand"]
[Black "Amoyal, Pierre"]
[Result "1-0"]
[WhiteElo "2316"]
[BlackElo "2155"]
[Annotator "Navrotescu,Catalin"]
[PlyCount "103"]

1. d4 Nf6 2. c4 g6 3. Nc3 d5 4. Bf4 Bg7 5. e3 c5 6. dxc5 Qa5 7. Rc1 dxc4 8. Nf3
O-O 9. Bxc4 Qxc5 10. Bb3 Nc6 11. O-O Qh5 12. Ng5 (12. h3 e5 13. Bg3 Re8 14. Nd2
Qxd1 15. Rfxd1 Be6 16. Nb5 Bxb3 17. Nxb3 Re7 18. Nd6 a5 19. Nc5 Nd8 20. Bh4 h6
21. g4 Rc7 22. Bxf6 Rxc5 23. Rxc5 Bxf6 24. Rb5 {1-0 Chatalbashev,B (2602)
-Paladini,J (2053)/Anzere 2011/CBM 141 Extra}) 12... e5 13. Qxh5 Nxh5 14. Bg3
Nxg3 15. hxg3 Bf5 16. Rfd1 h6 $6 (16... Bf6 $1 17. Nge4 Be7) 17. Nge4 Bxe4 18.
Nxe4 Rad8 19. Kf1 Rxd1+ 20. Rxd1 Rd8 21. Nd6 e4 22. Bxf7+ Kf8 23. Bb3 Bxb2 (
23... b6) 24. Nxb7 $16 Rxd1+ 25. Bxd1 Ba3 26. Bc2 Nb4 27. Bxe4 Nxa2 28. Bxg6
Bb4 29. Nd8 Nc3 30. Nc6 Bc5 31. Ke1 Kg7 32. Bd3 Nd5 33. Kd1 Kf6 34. Ke2 Bb6 35.
e4 Nc3+ 36. Kd2 Na4 37. f4 Nc5 38. e5+ Ke6 39. Nd4+ Kd5 40. Nf5 a5 41. Bb1 h5
42. Ba2+ Kc6 43. Nd6 Bc7 44. Nf5 Bb6 45. Bc4 Ne4+ 46. Kd3 Nf2+ 47. Kc2 Ng4 48.
Be2 Ne3+ 49. Nxe3 Bxe3 50. Bxh5 Bf2 51. Kd3 Bxg3 52. Ke4 1-0

[Event "12ème tournoi de MI"]
[Site "?"]
[Date "2012.07.13"]
[Round "8"]
[White "Barbot, Pierre"]
[Black "Pucher, Sebastien"]
[Result "0-1"]
[WhiteElo "2271"]
[BlackElo "2217"]
[Annotator "Navrotescu,Catalin"]
[PlyCount "86"]

1. e4 c5 2. Nf3 d6 3. d4 cxd4 4. Nxd4 Nf6 5. Nc3 a6 6. Be3 e5 7. Nb3 Be6 8. Qd2
Nbd7 9. O-O-O b5 10. f4 Rc8 11. Kb1 Be7 12. f5 Bc4 13. g4 Nxg4 (13... h6 14.
Rg1 Bxf1 15. Rdxf1 b4 16. Nd5 Nxd5 17. Qxd5 Qc7 18. Qd3 Bg5 19. Rc1 Bxe3 20.
Qxe3 Qb6 21. Qd3 Rc6 22. h4 a5 23. Nd2 a4 24. Nc4 Qd4 25. Na5 Rb6 26. Qxd4 exd4
27. Rgd1 {1-0 Mastrovasilis,D (2604)-Damljanovic,B (2611)/Valjevo 2011/CBM 144
Extra (63)}) 14. Rg1 Nxe3 15. Qxe3 Qb6 16. Qg3 Nf6 17. Bxc4 bxc4 18. Nd2 g6 19.
Qh3 O-O 20. Qh6 Rfd8 21. Rdf1 (21. fxg6 hxg6 22. Nd5 Nxd5 {Diagram #} 23. Rxg6+
fxg6 24. Qxg6+ Kh8 25. Qh6+ Kg8 26. Qg6+ $11) 21... Bf8 22. Qh4 Bg7 $15 23. Rg2
d5 24. exd5 Nxd5 25. Nxd5 Rxd5 26. c3 (26. Nxc4 Qb4 27. Rg4 e4) 26... Qc6 (
26... Qe3 27. Rf3 Qh6 28. Qxh6 Bxh6 29. Kc2 Bf4) 27. f6 Bf8 28. Ne4 Rcd8 29.
Rgg1 Qa4 $1 30. Rc1 Ra5 31. a3 Qb3 32. Rg2 Rxa3 33. Nd2 Qa2+ 34. Kc2 {Diagram #
} Rxc3+ $1 35. Kxc3 Bb4+ 36. Kc2 (36. Kxb4 Qxb2+ 37. Ka4 Rd3) 36... Bxd2 37.
Qg4 Qb3+ 38. Kb1 Bxc1 39. Kxc1 c3 40. Rc2 cxb2+ 41. Rxb2 Qd3 42. Rc2 Qa3+ 43.
Rb2 Rb8 0-1

[Event "12ème tournoi de MI"]
[Site "?"]
[Date "2012.07.13"]
[Round "8"]
[White "Ornstein, Axel"]
[Black "Bouget, Alexandre"]
[Result "0-1"]
[WhiteElo "2392"]
[BlackElo "2202"]
[Annotator "Navrotescu,Catalin"]
[PlyCount "60"]

1. c4 Nf6 2. Nc3 g6 3. e4 d6 4. d4 Bg7 5. Nf3 O-O 6. Be2 e5 7. O-O Nc6 8. d5
Ne7 9. Ne1 Nd7 10. f3 f5 11. g4 (11. Be3 f4 12. Bf2 g5 13. Rc1 Ng6 14. Nb5 b6
15. b4 a6 16. Nc3 Rf7 17. Nd3 h5 18. c5 Bf8 19. cxb6 cxb6 20. b5 a5 21. Na4 Nc5
22. Ndxc5 dxc5 23. d6 Be6 24. Bxc5 bxc5 25. Nxc5 Bxa2 26. Qa4 Bxd6 27. Qxa2
Bxc5+ 28. Kh1 Bd4 29. Bc4 Raa7 30. Bxf7+ Rxf7 $17 {0-1 Giri,A (2714)-Nakamura,
H (2758)/Reggio Emilia ITA 2011/The Week in Chess 895 (59)}) 11... Nf6 12. Ng2
Bd7 13. Bd2 Qc8 14. exf5 gxf5 15. g5 Ne8 (15... Nh5 16. Bd3 Ng6 17. Qc2 Qd8 18.
Kh1 e4 19. fxe4 f4 $44) 16. f4 c6 17. Rc1 cxd5 $2 (17... e4 18. Ne3 c5) 18.
Nxd5 Nxd5 19. cxd5 Qd8 20. Kh1 (20. Qb3 e4 21. Be3 b5 22. Bf2 a6 23. Qb4 $14)
20... Kh8 21. Bc3 Nc7 22. a4 a5 23. Ne3 b5 24. b3 (24. fxe5 $142 dxe5 25. d6
Ne8 26. axb5 Rb8 27. h4) 24... Ra7 25. Bd3 $2 (25. Qd2 Qa8 26. Kg1 bxa4 27.
bxa4 e4 28. Bxg7+ Kxg7 29. Qd4+ Kg8 30. Nc4) 25... Qa8 26. Kg1 bxa4 27. fxe5
Nxd5 28. Nxf5 $2 (28. Nxd5 Qxd5 29. Bc4 Qxd1 30. Rfxd1 dxe5 31. Bxa5 $15) 28...
Bxf5 29. Rxf5 Rxf5 30. Bxf5 Ne3 $19 0-1

[Event "12ème tournoi de MI"]
[Site "?"]
[Date "2012.07.13"]
[Round "8"]
[White "Bakalarz, Mietek"]
[Black "Cotonnec, Melkior"]
[Result "1-0"]
[WhiteElo "2323"]
[BlackElo "2389"]
[Annotator "Navrotescu,Catalin"]
[PlyCount "59"]

1. e4 c5 2. c3 d5 3. exd5 Qxd5 4. d4 g6 5. Na3 cxd4 6. Nb5 Na6 7. Qxd4 Qxd4 8.
Nxd4 Nf6 9. Ngf3 Bg7 10. Bc4 (10. Bb5+ Bd7 11. O-O Nc7 12. Bc4 Nfd5 13. Re1 f6
14. a4 a6 15. Bxd5 Nxd5 16. Ne6 Bxe6 17. Rxe6 Kf7 18. Re2 Rhd8 19. Bd2 Rac8 20.
Rc1 e5 21. c4 Ne7 22. Kf1 Nf5 23. Ba5 Bh6 24. Rc3 Rd7 25. b3 Ne7 26. Re4 b6 27.
Bb4 Nc6 28. Ba3 Rd1+ 29. Re1 Rcd8 30. c5 b5 31. axb5 axb5 32. Bc1 b4 33. Rc2
Bxc1 34. Rxd1 Rxd1+ 35. Ke2 Rh1 {0-1 Simacek,P (2472)-Karjakin,S (2694)/Kemer
2007/CBM 121}) 10... Nc7 $6 (10... Nc5 11. O-O a6 12. a4 Nfe4 13. Re1 Nd6 14.
Bf1 Bf6 15. Bh6 Nf5) 11. O-O O-O 12. Re1 Nfd5 13. a4 a6 (13... Rd8 14. Bb3 a5
15. h3 Kf8 16. Rd1 f6 (16... e5 $2 17. Nb5) 17. Bd2 e5 18. Nb5 Nxb5 19. axb5
Be6 $11) 14. a5 Re8 (14... Rd8) 15. Nb3 e5 16. Nc5 h6 17. Bd2 Kh7 18. Rad1 Bf8
19. Bxd5 Nxd5 20. Bxh6 Nxc3 21. Bxf8 Nxd1 22. Ng5+ Kg8 23. Bh6 Nxb2 24. Nce4
Be6 25. Nf6+ Kh8 26. Rxe5 Rec8 (26... Re7 27. Re4 Rc8 28. h3 Rc1+ 29. Kh2 Rc4)
27. h3 Rc7 28. Re4 Rac8 (28... Rc1+ 29. Kh2 Rc4 {Diagram #} 30. Rxe6 $1) 29.
Rh4 Rc1+ 30. Kh2 {Diagram #} 1-0

[Event "12ème tournoi de MI"]
[Site "?"]
[Date "2012.07.14"]
[Round "9"]
[White "Cotonnec, Melkior"]
[Black "Ornstein, Axel"]
[Result "1/2-1/2"]
[WhiteElo "2389"]
[BlackElo "2392"]
[PlyCount "86"]

1. d4 Nf6 2. c4 e6 3. Nf3 c5 4. d5 d6 5. Nc3 exd5 6. cxd5 g6 7. Bf4 a6 8. a4
Bg7 9. h3 O-O 10. e3 Bf5 11. Nd2 Qe7 12. Nc4 Ne8 13. Be2 Nd7 14. O-O g5 15. Bh2
Ne5 16. Kh1 Nxc4 17. Bxc4 Nf6 18. Qf3 Bg6 19. Qg3 Ne8 20. f4 gxf4 21. exf4 f5
22. Bg1 Qd7 23. a5 Nc7 24. Rab1 Nb5 25. Na4 Rae8 26. b4 cxb4 27. Nb6 Qf7 28.
Bxb5 axb5 29. Rxb4 Bh5 30. Re1 Rxe1 31. Qxe1 Re8 32. Qg3 Be2 33. Bd4 Qg6 34.
Qxg6 hxg6 35. Bxg7 Kxg7 36. Kg1 Kf6 37. Kf2 g5 38. fxg5+ Kxg5 39. Rb2 Bc4 40.
Nxc4 bxc4 41. Rxb7 Re5 42. Rc7 Rxd5 43. Rxc4 Rxa5 1/2-1/2

[Event "12ème tournoi de MI"]
[Site "?"]
[Date "2012.07.14"]
[Round "9"]
[White "Bouget, Alexandre"]
[Black "Barbot, Pierre"]
[Result "1/2-1/2"]
[WhiteElo "2202"]
[BlackElo "2271"]
[PlyCount "46"]

1. Nc3 d5 2. e4 e6 3. d4 Bb4 4. e5 Ne7 5. a3 Bxc3+ 6. bxc3 c5 7. Nf3 Qa5 8. Bd2
Qa4 9. Rb1 c4 10. Be2 Nbc6 11. O-O b6 12. Ng5 h6 13. Nh3 Bd7 14. f4 O-O-O 15.
Nf2 f5 16. Kh1 Rdg8 17. Bf3 g5 18. g3 g4 19. Bg2 h5 20. Kg1 Qxa3 21. Ra1 Qb2
22. Rb1 Qa2 23. Ra1 Qb2 1/2-1/2

[Event "12ème tournoi de MI"]
[Site "?"]
[Date "2012.07.14"]
[Round "9"]
[White "Amoyal, Pierre"]
[Black "Miron, Lucian Costin"]
[Result "0-1"]
[WhiteElo "2155"]
[BlackElo "2506"]
[PlyCount "44"]

1. d4 d5 2. c4 e6 3. Nc3 c5 4. cxd5 cxd4 5. Qa4+ Bd7 6. Qxd4 exd5 7. Qxd5 Nc6
8. Nf3 Nf6 9. Qd1 Bc5 10. e3 Qe7 11. Be2 O-O-O 12. O-O Kb8 13. Bd2 g5 14. b4
Bxb4 15. Nb5 Bc5 16. Bc3 g4 17. Nfd4 Ne4 18. Bb2 Rhg8 19. Nxc6+ Bxc6 20. Nd4
Bxd4 21. Bxd4 Nc3 22. Bxc3 Qe4 0-1

[Event "12ème tournoi de MI"]
[Site "?"]
[Date "2012.07.14"]
[Round "9"]
[White "Pucher, Sebastien"]
[Black "Valuet, Bertrand"]
[Result "0-1"]
[WhiteElo "2217"]
[BlackElo "2316"]
[PlyCount "118"]

1. e4 e5 2. Nf3 Nc6 3. Bc4 Bc5 4. c3 Nf6 5. d3 O-O 6. O-O d5 7. exd5 Nxd5 8. h3
Bf5 9. b4 Bb6 10. Re1 Re8 11. a4 a6 12. Qb3 Be6 13. Ra2 Nf6 14. Bxe6 Rxe6 15.
d4 exd4 16. Rxe6 fxe6 17. Qxe6+ Kh8 18. b5 Qe7 19. Qxe7 Nxe7 20. a5 axb5 21.
Nxd4 Bxd4 22. cxd4 Nc6 23. Nc3 b4 24. Nb5 Nd5 25. Rc2 Rxa5 26. Rc5 Nc3 27. Nxc3
Rxc5 28. dxc5 bxc3 29. Kf1 Nd4 30. Ke1 Nb3 31. Kd1 Nxc5 32. Kc2 Na4 33. Kb3 b5
34. Kb4 c6 35. g4 Kg8 36. f4 Kf7 37. f5 Kf6 38. Bf4 h6 39. Be3 Ke5 40. Bc1 Ke4
41. h4 Ke5 42. Kb3 h5 43. gxh5 Kxf5 44. h6 gxh6 45. Bxh6 c5 46. Bc1 Kg4 47. Bg5
Kh5 48. Bd8 Kg4 49. Be7 c4+ 50. Kb4 c2 51. Bg5 Nb2 52. Kc3 Nd3 53. Kxc2 b4 54.
Be7 b3+ 55. Kc3 b2 56. Kc2 Kf5 57. h5 c3 58. h6 Ne1+ 59. Kb1 Nf3 0-1

[Event "12ème tournoi de MI"]
[Site "?"]
[Date "2012.07.14"]
[Round "9"]
[White "Bernotas, Arturs"]
[Black "Bakalarz, Mietek"]
[Result "1-0"]
[WhiteElo "2261"]
[BlackElo "2323"]
[Annotator "Navrotescu,Catalin"]
[PlyCount "74"]

1. e4 e5 2. Nf3 Nf6 3. d4 Nxe4 4. Bd3 d5 5. dxe5 Nc6 6. Nc3 Bb4 7. O-O Nxc3 8.
bxc3 Bxc3 9. Rb1 h6 10. Ba3 Ne7 11. Nh4 Bxe5 12. Re1 Bd6 13. Ng6 Bxa3 14. Nxh8
Qd6 15. Qh5 Be6 16. Rxb7 Kf8 17. Reb1 Rd8 18. Bh7 Bc5 19. Rb8 Nc8 20. Qf3 Ke7
21. Nxf7 Bxf7 22. Qg4 Qf6 23. Rxc8 Rxc8 24. Qxc8 Bb6 25. Bd3 Be6 26. Qh8 Qf8
27. Qh7 Bd4 28. Rf1 Bf6 29. Qg6 Qb8 30. Re1 Qb4 31. Qg3 Kd7 32. Qe3 Qb6 33. Qf3
Qb4 34. Kf1 Qa4 35. Bf5 Bxf5 36. Qxf5+ Kc6 37. Kg1 Kc5 {suite illisible...} 1-0